| 000 | 00774cam a2200337 c 4500 | ||
|---|---|---|---|
| 001 | 092147 | ||
| 003 | DO-SdBNP | ||
| 005 | 20160829130759.0 | ||
| 007 | 092147 | ||
| 008 | 110804s1997 ig a | |||| 000 1 eng | ||
| 015 | _a | ||
| 017 | _b | ||
| 020 | _a0194227073 | ||
| 035 | _a | ||
| 040 |
_aBPMSU _bspa _cBPMSU _e |
||
| 041 | 1 |
_aeng _h |
|
| 080 | _a | ||
| 100 | 1 | _aBassstt, Jennifer | |
| 245 | 1 | 4 |
_aThe phantom of the Opera / _cJennifer Bassett |
| 250 | _a 10a. ed. | ||
| 260 |
_a England : _b Oxford Bookworms _c1997 |
||
| 300 |
_a126 p.: _b _c21 cm _e |
||
| 336 |
_a _2 |
||
| 337 |
_a _2 |
||
| 490 | 0 | _aeditor | |
| 500 | _a | ||
| 650 | 7 |
_a _v _2 |
|
| 830 | _aeditor | ||
| 942 |
_2ddc _cBK |
||
| 956 |
_aVMATEO _b10 _c20160829 _dBPMSU _f0069 |
||
| 999 |
_c11204 _d11204 |
||